[Event "DEM U10w 2021"]
[Site "Willingen GER"]
[Date "2021.08.26"]
[Round "7"]
[White "Leicher, Anna"]
[Black "Ramakrishnan, Veda"]
[Result "1/2-1/2"]
[Termination "normal"]
[Board "8"]
[WhiteElo "1249"]
[BlackElo "1009"]
[WhiteClock "00:26:16"]
[BlackClock "00:08:16"]
[PlyCount "159"]
[WhiteFideId "34614966"]
[BlackFideId "16269519"]
[EventCountry "GER"]
[EventRounds "11"]
[EventType "swiss"]
[EventDate "2021.08.22"]

1. e4 {[%clk 01:15:56]} {[%emt 00:00:04]} e5 {[%clk 01:15:55]} {[%emt
00:00:06]} 2. Nf3 {[%clk 01:16:21]} {[%emt 00:00:05]} Nc6 {[%clk 01:16:18]}
{[%emt 00:00:06]} 3. Bc4 {[%clk 01:16:46]} {[%emt 00:00:06]} Bc5 {[%clk
01:16:41]} {[%emt 00:00:07]} 4. O-O {[%clk 01:17:04]} {[%emt 00:00:11]} Nf6
{[%clk 01:16:59]} {[%emt 00:00:13]} 5. d3 {[%clk 01:17:29]} {[%emt 00:00:05]}
h6 {[%clk 01:17:21]} {[%emt 00:00:07]} 6. Nc3 {[%clk 01:17:50]} {[%emt
00:00:08]} d6 {[%clk 01:17:35]} {[%emt 00:00:17]} 7. h3 {[%clk 01:18:10]}
{[%emt 00:00:10]} Be6 {[%clk 01:17:58]} {[%emt 00:00:08]} 8. Bb3 {[%clk
01:17:29]} {[%emt 00:01:11]} O-O {[%clk 01:18:16]} {[%emt 00:00:11]} 9. Be3
{[%clk 01:17:51]} {[%emt 00:00:08]} Bb6 {[%clk 01:18:30]} {[%emt 00:00:17]} 10.
d4 {[%clk 01:17:30]} {[%emt 00:00:50]} exd4 {[%clk 01:14:57]} {[%emt 00:04:03]}
11. Nxd4 {[%clk 01:17:39]} {[%emt 00:00:21]} Nxd4 {[%clk 01:14:33]} {[%emt
00:00:54]} 12. Bxd4 {[%clk 01:17:02]} {[%emt 00:01:07]} c5 {[%clk 01:14:32]}
{[%emt 00:00:32]} 13. Be3 {[%clk 01:16:06]} {[%emt 00:01:23]} Ba5 {[%clk
01:11:36]} {[%emt 00:03:28]} 14. e5 {[%clk 01:10:24]} {[%emt 00:06:11]} dxe5
{[%clk 01:08:12]} {[%emt 00:03:55]} 15. Bxc5 {[%clk 01:08:36]} {[%emt
00:02:17]} Re8 {[%clk 01:08:31]} {[%emt 00:00:13]} 16. Nb5 {[%clk 01:01:11]}
{[%emt 00:07:55]} Bxb3 {[%clk 00:58:54]} {[%emt 00:10:06]} 17. axb3 {[%clk
01:00:09]} {[%emt 00:01:32]} b6 {[%clk 00:58:15]} {[%emt 00:01:10]} 18. Ba3
{[%clk 00:59:24]} {[%emt 00:01:08]} a6 {[%clk 00:49:09]} {[%emt 00:09:42]} 19.
Nd6 {[%clk 00:58:10]} {[%emt 00:01:44]} Re6 {[%clk 00:48:56]} {[%emt 00:00:43]}
20. Nc4 {[%clk 00:56:48]} {[%emt 00:01:50]} Nd5 {[%clk 00:47:00]} {[%emt
00:02:27]} 21. c3 {[%clk 00:55:16]} {[%emt 00:02:02]} Bxc3 {[%clk 00:44:09]}
{[%emt 00:03:22]} 22. bxc3 {[%clk 00:54:34]} {[%emt 00:01:11]} Nxc3 {[%clk
00:44:29]} {[%emt 00:00:11]} 23. Qxd8+ {[%emt 00:01:52]} Rxd8 {[%emt 00:00:11]}
24. Rfe1 {[%clk 00:51:51]} {[%emt 00:00:41]} f6 {[%clk 00:43:20]} {[%emt
00:02:09]} 25. Bb2 {[%clk 00:50:22]} {[%emt 00:01:58]} b5 {[%clk 00:40:49]}
{[%emt 00:03:02]} 26. Bxc3 {[%clk 00:49:36]} {[%emt 00:01:14]} bxc4 {[%clk
00:41:14]} {[%emt 00:00:07]} 27. bxc4 {[%clk 00:49:25]} {[%emt 00:00:39]} Rc8
{[%clk 00:41:17]} {[%emt 00:00:28]} 28. Re4 {[%clk 00:47:57]} {[%emt 00:01:58]}
Rec6 {[%clk 00:40:40]} {[%emt 00:01:07]} 29. Ra4 {[%clk 00:47:22]} {[%emt
00:01:03]} Kf7 {[%clk 00:40:25]} {[%emt 00:00:48]} 30. f4 {[%clk 00:44:27]}
{[%emt 00:03:24]} exf4 {[%clk 00:38:47]} {[%emt 00:02:09]} 31. Rxf4 {[%clk
00:44:39]} {[%emt 00:00:17]} g5 {[%clk 00:38:55]} {[%emt 00:00:19]} 32. Rd4
{[%clk 00:42:46]} {[%emt 00:02:26]} Kg6 {[%clk 00:37:35]} {[%emt 00:01:50]} 33.
Bd2 {[%clk 00:41:26]} {[%emt 00:01:35]} h5 {[%clk 00:36:57]} {[%emt 00:01:23]}
34. c5 {[%clk 00:39:29]} {[%emt 00:02:28]} Ra8 {[%clk 00:31:10]} {[%emt
00:06:17]} 35. Rd6 {[%clk 00:39:08]} {[%emt 00:00:46]} Rxc5 {[%clk 00:31:11]}
{[%emt 00:00:34]} 36. Raxa6 {[%clk 00:39:10]} {[%emt 00:00:27]} Rxa6 {[%clk
00:30:39]} {[%emt 00:01:03]} 37. Rxa6 {[%clk 00:39:01]} {[%emt 00:00:38]} Kf5
{[%clk 00:25:48]} {[%emt 00:05:21]} 38. Be3 {[%clk 00:38:54]} {[%emt 00:00:37]}
Rd5 {[%clk 00:25:39]} {[%emt 00:00:39]} 39. Kf2 {[%clk 00:39:05]} {[%emt
00:00:19]} Rd3 {[%clk 00:20:34]} {[%emt 00:05:35]} 40. Ra8 {[%clk 00:36:51]}
{[%emt 00:02:41]} Ke4 {[%clk 00:17:19]} {[%emt 00:03:49]} 41. Re8+ {[%clk
00:36:39]} {[%emt 00:00:38]} Kf5 {[%clk 00:17:16]} {[%emt 00:00:36]} 42. Rh8
{[%clk 00:36:04]} {[%emt 00:01:04]} h4 {[%clk 00:17:32]} {[%emt 00:00:16]} 43.
Rf8 {[%clk 00:32:02]} {[%emt 00:04:16]} Kg6 {[%clk 00:17:48]} {[%emt 00:00:29]}
44. Ke2 {[%clk 00:32:13]} {[%emt 00:00:18]} Rd6 {[%clk 00:17:58]} {[%emt
00:00:17]} 45. Kf3 {[%clk 00:32:20]} {[%emt 00:00:26]} Kf5 {[%clk 00:17:51]}
{[%emt 00:00:36]} 46. Bc5 {[%clk 00:30:10]} {[%emt 00:02:42]} Re6 {[%clk
00:17:24]} {[%emt 00:00:57]} 47. Rd8 {[%clk 00:27:55]} {[%emt 00:02:43]} Re5
{[%clk 00:16:01]} {[%emt 00:01:54]} 48. Bd4 {[%clk 00:27:41]} {[%emt 00:00:45]}
Re6 {[%clk 00:15:54]} {[%emt 00:00:36]} 49. Rf8 {[%clk 00:26:25]} {[%emt
00:01:46]} Kg6 {[%clk 00:15:42]} {[%emt 00:00:43]} 50. Bf2 {[%clk 00:26:06]}
{[%emt 00:00:49]} f5 {[%clk 00:12:53]} {[%emt 00:03:20]} 51. Rg8+ {[%clk
00:25:58]} {[%emt 00:00:37]} Kh6 {[%clk 00:11:48]} {[%emt 00:01:32]} 52. Rh8+
{[%clk 00:25:49]} {[%emt 00:00:41]} Kg6 {[%clk 00:10:51]} {[%emt 00:01:21]} 53.
Bxh4 {[%clk 00:25:46]} {[%emt 00:00:40]} gxh4 {[%clk 00:10:55]} {[%emt
00:00:26]} 54. Rxh4 {[%clk 00:26:04]} {[%emt 00:00:12]} Kg5 {[%clk 00:10:43]}
{[%emt 00:00:38]} 55. Rf4 {[%clk 00:26:11]} {[%emt 00:00:26]} Re5 {[%clk
00:10:02]} {[%emt 00:01:13]} 56. Rc4 {[%clk 00:23:49]} {[%emt 00:02:52]} Rb5
{[%clk 00:08:26]} {[%emt 00:02:06]} 57. Rc3 {[%clk 00:22:58]} {[%emt 00:01:20]}
Ra5 {[%clk 00:07:46]} {[%emt 00:01:11]} 58. g4 {[%clk 00:22:21]} {[%emt
00:01:06]} Rb5 {[%clk 00:05:30]} {[%emt 00:02:46]} 59. gxf5 {[%clk 00:20:17]}
{[%emt 00:02:33]} Rxf5+ {[%clk 00:05:50]} {[%emt 00:00:12]} 60. Ke4 {[%clk
00:20:40]} {[%emt 00:00:06]} Rf4+ {[%clk 00:05:46]} {[%emt 00:00:33]} 61. Ke3
{[%clk 00:19:55]} {[%emt 00:01:16]} Rh4 {[%clk 00:04:41]} {[%emt 00:01:35]} 62.
Kf2 {[%clk 00:20:10]} {[%emt 00:00:14]} Rf4+ {[%clk 00:04:49]} {[%emt
00:00:24]} 63. Rf3 {[%clk 00:20:28]} {[%emt 00:00:11]} Rxf3+ {[%clk 00:04:42]}
{[%emt 00:00:37]} 64. Kxf3 {[%clk 00:20:51]} {[%emt 00:00:07]} Kh4 {[%clk
00:05:05]} {[%emt 00:00:07]} 65. Kg2 {[%clk 00:21:09]} {[%emt 00:00:12]} Kh5
{[%clk 00:04:28]} {[%emt 00:01:07]} 66. Kg3 {[%clk 00:21:29]} {[%emt 00:00:11]}
Kg5 {[%clk 00:04:51]} {[%emt 00:00:07]} 67. Kh2 {[%clk 00:21:49]} {[%emt
00:00:10]} Kh4 {[%clk 00:04:11]} {[%emt 00:01:07]} 68. Kg2 {[%clk 00:22:14]}
{[%emt 00:00:07]} Kh5 {[%clk 00:04:35]} {[%emt 00:00:05]} 69. Kg3 {[%clk
00:22:35]} {[%emt 00:00:10]} Kg5 {[%clk 00:04:53]} {[%emt 00:00:13]} 70. h4+
{[%clk 00:23:00]} {[%emt 00:00:05]} Kh5 {[%clk 00:05:08]} {[%emt 00:00:15]} 71.
Kh3 {[%clk 00:23:25]} {[%emt 00:00:05]} Kh6 {[%clk 00:05:33]} {[%emt 00:00:05]}
72. Kg4 {[%clk 00:23:48]} {[%emt 00:00:06]} Kg6 {[%clk 00:05:55]} {[%emt
00:00:09]} 73. h5+ {[%clk 00:24:05]} {[%emt 00:00:13]} Kh6 {[%clk 00:06:12]}
{[%emt 00:00:11]} 74. Kh4 {[%clk 00:24:31]} {[%emt 00:00:06]} Kh7 {[%clk
00:06:40]} {[%emt 00:00:01]} 75. Kg5 {[%clk 00:24:51]} {[%emt 00:00:10]} Kg7
{[%clk 00:06:49]} {[%emt 00:00:21]} 76. h6+ {[%clk 00:25:14]} {[%emt 00:00:08]}
Kh7 {[%clk 00:07:03]} {[%emt 00:00:15]} 77. Kh5 {[%clk 00:25:36]} {[%emt
00:00:08]} Kh8 {[%clk 00:07:27]} {[%emt 00:00:06]} 78. Kg6 {[%clk 00:25:58]}
{[%emt 00:00:09]} Kg8 {[%clk 00:07:51]} {[%emt 00:00:05]} 79. h7+ {[%clk
00:25:52]} {[%emt 00:00:36]} Kh8 {[%clk 00:08:16]} {[%emt 00:00:04]} 80. Kh6
{[%clk 00:26:16]} {[%emt 00:00:08]} 1/2-1/2

[Event "DEM U10w 2021"]
[Site "Willingen GER"]
[Date "2021.08.26"]
[Round "7"]
[White "Frydel, Helena"]
[Black "Heidtkamp, Anna"]
[Result "1-0"]
[Termination "normal"]
[Board "9"]
[WhiteElo "966"]
[BlackElo "1132"]
[WhiteClock "00:25:51"]
[BlackClock "00:14:52"]
[PlyCount "117"]
[WhiteFideId "16266536"]
[BlackFideId "16269012"]
[EventCountry "GER"]
[EventRounds "11"]
[EventType "swiss"]
[EventDate "2021.08.22"]

1. e4 {[%clk 01:15:57]} {[%emt 00:00:03]} e5 {[%clk 01:15:57]} {[%emt
00:00:03]} 2. Nf3 {[%clk 01:16:23]} {[%emt 00:00:04]} Nc6 {[%clk 01:16:24]}
{[%emt 00:00:04]} 3. Nc3 {[%clk 01:16:49]} {[%emt 00:00:03]} Nf6 {[%clk
01:16:49]} {[%emt 00:00:05]} 4. d4 {[%clk 01:17:15]} {[%emt 00:00:03]} exd4
{[%clk 01:17:14]} {[%emt 00:00:05]} 5. Nxd4 {[%clk 01:17:40]} {[%emt 00:00:05]}
Bb4 {[%clk 01:16:40]} {[%emt 00:01:04]} 6. Nxc6 {[%clk 01:17:44]} {[%emt
00:00:26]} bxc6 {[%clk 01:17:02]} {[%emt 00:00:08]} 7. Bd3 {[%clk 01:18:10]}
{[%emt 00:00:05]} d5 {[%clk 01:16:17]} {[%emt 00:01:14]} 8. exd5 {[%clk
01:17:33]} {[%emt 00:01:07]} cxd5 {[%clk 01:16:00]} {[%emt 00:00:46]} 9. O-O
{[%clk 01:17:54]} {[%emt 00:00:10]} O-O {[%clk 01:15:14]} {[%emt 00:01:16]} 10.
Bg5 {[%clk 01:18:18]} {[%emt 00:00:06]} Be6 {[%clk 01:14:19]} {[%emt 00:01:25]}
11. h3 {[%clk 01:12:23]} {[%emt 00:06:25]} c5 {[%clk 01:08:33]} {[%emt
00:06:12]} 12. Qf3 {[%clk 01:06:44]} {[%emt 00:06:13]} c4 {[%clk 01:05:57]}
{[%emt 00:03:06]} 13. Be2 {[%clk 01:03:34]} {[%emt 00:03:41]} Be7 {[%clk
01:02:27]} {[%emt 00:03:53]} 14. Rad1 {[%clk 00:56:20]} {[%emt 00:07:51]} h6
{[%clk 00:46:52]} {[%emt 00:16:00]} 15. Be3 {[%clk 00:49:59]} {[%emt 00:06:55]}
Rb8 {[%clk 00:32:06]} {[%emt 00:14:56]} 16. b3 {[%clk 00:39:28]} {[%emt
00:11:17]} cxb3 {[%clk 00:30:31]} {[%emt 00:02:07]} 17. axb3 {[%clk 00:36:52]}
{[%emt 00:03:08]} Rc8 {[%clk 00:26:26]} {[%emt 00:04:32]} 18. Bxa7 {[%clk
00:33:14]} {[%emt 00:04:11]} Qc7 {[%clk 00:22:54]} {[%emt 00:04:01]} 19. Bd4
{[%clk 00:28:44]} {[%emt 00:05:01]} Rfd8 {[%clk 00:10:24]} {[%emt 00:12:55]}
20. h4 {[%clk 00:24:30]} {[%emt 00:04:48]} Bg4 {[%clk 00:09:03]} {[%emt
00:01:51]} 21. Qe3 {[%clk 00:22:11]} {[%emt 00:02:50]} Bxe2 {[%clk 00:08:59]}
{[%emt 00:00:33]} 22. Qxe2 {[%clk 00:22:15]} {[%emt 00:00:27]} Bb4 {[%clk
00:07:53]} {[%emt 00:01:33]} 23. Rd3 {[%clk 00:20:06]} {[%emt 00:02:43]} Bc5
{[%clk 00:05:38]} {[%emt 00:02:41]} 24. Be5 {[%clk 00:17:16]} {[%emt 00:03:23]}
Qe7 {[%clk 00:03:47]} {[%emt 00:02:18]} 25. Bg3 {[%clk 00:12:46]} {[%emt
00:05:03]} Qxe2 {[%clk 00:03:53]} {[%emt 00:00:23]} 26. Nxe2 {[%clk 00:13:11]}
{[%emt 00:00:06]} Ne4 {[%clk 00:03:45]} {[%emt 00:00:38]} 27. Rfd1 {[%clk
00:10:52]} {[%emt 00:02:48]} Nf6 {[%clk 00:03:09]} {[%emt 00:01:05]} 28. Nf4
{[%clk 00:10:28]} {[%emt 00:00:52]} g5 {[%clk 00:02:19]} {[%emt 00:01:10]} 29.
Nxd5 {[%clk 00:10:37]} {[%emt 00:02:13]} Nxd5 {[%clk 00:01:32]} {[%emt
00:01:17]} 30. Rxd5 {[%clk 00:10:58]} {[%emt 00:00:10]} Be7 {[%clk 00:01:39]}
{[%emt 00:00:21]} 31. hxg5 {[%clk 00:10:10]} {[%emt 00:01:19]} hxg5 {[%clk
00:01:56]} {[%emt 00:00:13]} 32. Bd6 {[%clk 00:09:51]} {[%emt 00:00:50]} Bxd6
{[%clk 00:02:08]} {[%emt 00:00:17]} 33. Rxd6 {[%clk 00:10:11]} {[%emt
00:00:10]} Rxd6 {[%clk 00:02:27]} {[%emt 00:00:11]} 34. Rxd6 {[%clk 00:10:35]}
{[%emt 00:00:06]} Rxc2 {[%clk 00:02:49]} {[%emt 00:00:08]} 35. Rd8+ {[%clk
00:10:40]} {[%emt 00:00:25]} Kg7 {[%clk 00:03:07]} {[%emt 00:00:10]} 36. b4
{[%clk 00:08:39]} {[%emt 00:02:33]} Rb2 {[%clk 00:03:19]} {[%emt 00:00:13]} 37.
Rb8 {[%clk 00:08:30]} {[%emt 00:00:45]} Kf6 {[%clk 00:03:39]} {[%emt 00:00:09]}
38. b5 {[%clk 00:08:30]} {[%emt 00:00:30]} Ke6 {[%clk 00:03:57]} {[%emt
00:00:12]} 39. b6 {[%clk 00:08:28]} {[%emt 00:00:32]} Kd6 {[%clk 00:04:04]}
{[%emt 00:00:21]} 40. b7 {[%clk 00:08:43]} {[%emt 00:00:17]} Kc6 {[%clk
00:02:37]} {[%emt 00:01:57]} 41. Rg8 {[%clk 00:08:41]} {[%emt 00:00:32]} Rxb7
{[%clk 00:01:59]} {[%emt 00:01:07]} 42. Rxg5 {[%clk 00:08:56]} {[%emt
00:00:16]} Kd6 {[%clk 00:01:59]} {[%emt 00:00:30]} 43. f4 {[%clk 00:08:53]}
{[%emt 00:00:33]} f6 {[%clk 00:01:34]} {[%emt 00:00:54]} 44. Rg4 {[%clk
00:08:53]} {[%emt 00:00:31]} Rb4 {[%clk 00:01:41]} {[%emt 00:00:23]} 45. g3
{[%clk 00:08:52]} {[%emt 00:00:30]} Ke6 {[%clk 00:02:03]} {[%emt 00:00:09]} 46.
f5+ {[%clk 00:09:12]} {[%emt 00:00:11]} Kxf5 {[%clk 00:01:39]} {[%emt
00:00:53]} 47. Rxb4 {[%clk 00:09:35]} {[%emt 00:00:07]} Kg5 {[%clk 00:01:58]}
{[%emt 00:00:11]} 48. Rf4 {[%clk 00:09:33]} {[%emt 00:00:32]} f5 {[%clk
00:02:15]} {[%emt 00:00:12]} 49. Kf2 {[%clk 00:09:54]} {[%emt 00:00:10]} Kf6
{[%clk 00:01:04]} {[%emt 00:03:35]} 50. Kf3 {[%clk 00:09:53]} {[%emt 00:00:32]}
Kg5 {[%clk 00:00:39]} {[%emt 00:00:53]} 51. Ke3 {[%clk 00:09:23]} {[%emt
00:01:02]} Kf6 {[%clk 00:00:34]} {[%emt 00:00:34]} 52. Kd4 {[%clk 00:09:43]}
{[%emt 00:00:10]} Ke6 {[%clk 00:15:01]} {[%emt 00:01:03]} 53. Kc5 {[%clk
00:24:43]} {[%emt 00:00:31]} Ke5 {[%clk 00:15:21]} {[%emt 00:00:09]} 54. Kc6
{[%clk 00:24:39]} {[%emt 00:00:35]} Ke6 {[%clk 00:14:47]} {[%emt 00:01:04]} 55.
Kc7 {[%clk 00:24:34]} {[%emt 00:00:35]} Ke5 {[%clk 00:14:57]} {[%emt 00:00:20]}
56. Kd7 {[%clk 00:24:55]} {[%emt 00:00:09]} Kf6 {[%clk 00:14:51]} {[%emt
00:00:35]} 57. Kd6 {[%clk 00:25:16]} {[%emt 00:00:09]} Kg5 {[%clk 00:14:35]}
{[%emt 00:00:46]} 58. Ke5 {[%clk 00:25:41]} {[%emt 00:00:06]} Kg6 {[%clk
00:14:52]} {[%emt 00:00:13]} 59. Rxf5 {[%clk 00:25:51]} {[%emt 00:00:20]} 1-0

[Event "DEM U10w 2021"]
[Site "Willingen GER"]
[Date "2021.08.26"]
[Round "7"]
[White "Dominick, Johanna"]
[Black "Rössling, Laura Marie"]
[Result "1-0"]
[Termination "normal"]
[Board "10"]
[WhiteElo "936"]
[BlackElo "1094"]
[WhiteClock "01:02:27"]
[BlackClock "00:07:32"]
[PlyCount "135"]
[WhiteFideId "16296532"]
[BlackFideId "16289471"]
[EventCountry "GER"]
[EventRounds "11"]
[EventType "swiss"]
[EventDate "2021.08.22"]

1. e4 {[%clk 01:15:59]} e5 {[%clk 01:15:52]} {[%emt 00:00:08]} 2. Nf3 {[%clk
01:16:27]} {[%emt 00:00:03]} Nc6 {[%clk 01:16:15]} {[%emt 00:00:08]} 3. Bc4
{[%clk 01:16:52]} {[%emt 00:00:04]} Bc5 {[%clk 01:16:31]} {[%emt 00:00:14]} 4.
d3 {[%clk 01:17:12]} {[%emt 00:00:10]} Nf6 {[%clk 01:16:11]} {[%emt 00:00:50]}
5. Nc3 {[%clk 01:17:36]} {[%emt 00:00:06]} d6 {[%clk 01:16:32]} {[%emt
00:00:09]} 6. Bg5 {[%clk 01:17:59]} {[%emt 00:00:05]} h6 {[%clk 01:15:08]}
{[%emt 00:01:56]} 7. Bh4 {[%clk 01:18:23]} {[%emt 00:00:05]} b6 {[%clk
01:15:12]} {[%emt 00:00:27]} 8. Nd5 {[%clk 01:18:38]} {[%emt 00:00:13]} g5
{[%clk 01:14:36]} {[%emt 00:01:08]} 9. Nxg5 {[%clk 01:16:59]} {[%emt 00:02:08]}
hxg5 {[%clk 01:08:30]} {[%emt 00:06:36]} 10. Bxg5 {[%clk 01:17:17]} {[%emt
00:00:11]} Bxf2+ {[%clk 01:08:22]} {[%emt 00:00:40]} 11. Kf1 {[%clk 01:14:06]}
{[%emt 00:03:33]} Bg4 {[%clk 00:48:40]} {[%emt 00:20:19]} 12. Qxg4 {[%clk
01:14:22]} {[%emt 00:00:13]} Nxg4 {[%clk 00:48:59]} {[%emt 00:00:12]} 13. Bxd8
{[%emt 00:00:07]} Kxd8 {[%emt 00:02:18]} 14. h3 {[%clk 01:12:10]} {[%emt
00:00:17]} Bg3 {[%clk 00:46:34]} {[%emt 00:02:55]} 15. Bb5 {[%clk 01:11:45]}
{[%emt 00:00:55]} Kd7 {[%clk 00:45:55]} {[%emt 00:01:09]} 16. Rg1 {[%clk
01:11:19]} {[%emt 00:00:55]} Nh2+ {[%clk 00:39:33]} {[%emt 00:06:54]} 17. Ke2
{[%clk 01:11:25]} {[%emt 00:00:21]} Rag8 {[%clk 00:31:13]} {[%emt 00:08:52]}
18. Nf6+ {[%clk 01:12:02]} {[%emt 00:02:36]} Ke7 {[%clk 00:29:37]} {[%emt
00:00:23]} 19. Nxg8+ {[%emt 00:00:16]} Rxg8 {[%emt 00:00:05]} 20. Bxc6 {[%clk
01:12:02]} {[%emt 00:00:09]} Kf6 {[%clk 00:25:48]} {[%emt 00:04:19]} 21. c3
{[%clk 01:11:16]} {[%emt 00:01:17]} Kg5 {[%clk 00:20:05]} {[%emt 00:06:12]} 22.
Ke3 {[%clk 01:10:46]} {[%emt 00:01:00]} Bf4+ {[%clk 00:16:17]} {[%emt
00:04:18]} 23. Ke2 {[%clk 01:07:53]} {[%emt 00:03:20]} Bg3 {[%clk 00:14:07]}
{[%emt 00:02:43]} 24. Bd5 {[%clk 01:06:35]} {[%emt 00:01:44]} Rf8 {[%clk
00:12:34]} {[%emt 00:02:07]} 25. d4 {[%clk 01:06:02]} {[%emt 00:01:04]} exd4
{[%clk 00:11:38]} {[%emt 00:01:26]} 26. cxd4 {[%clk 01:06:26]} {[%emt
00:00:05]} c5 {[%clk 00:11:58]} {[%emt 00:00:10]} 27. dxc5 {[%clk 01:06:42]}
{[%emt 00:00:14]} dxc5 {[%clk 00:11:43]} {[%emt 00:00:45]} 28. e5 {[%clk
01:05:19]} {[%emt 00:01:52]} Kf4 {[%clk 00:10:08]} {[%emt 00:02:05]} 29. e6
{[%clk 01:03:05]} {[%emt 00:02:45]} Ke5 {[%clk 00:08:50]} {[%emt 00:01:49]} 30.
Bb3 {[%clk 01:02:50]} {[%emt 00:00:42]} fxe6 {[%clk 00:08:58]} {[%emt
00:00:24]} 31. a3 {[%clk 01:02:34]} {[%emt 00:00:47]} Rf2+ {[%clk 00:08:15]}
{[%emt 00:01:13]} 32. Kd3 {[%clk 01:02:11]} {[%emt 00:00:47]} Rxb2 {[%clk
00:07:57]} {[%emt 00:00:54]} 33. Rgb1 {[%clk 00:57:40]} {[%emt 00:05:00]} Rxg2
{[%clk 00:07:04]} {[%emt 00:01:23]} 34. Ra2 {[%clk 00:56:56]} {[%emt 00:01:09]}
Rxa2 {[%clk 00:06:27]} {[%emt 00:01:13]} 35. Bxa2 {[%clk 00:57:20]} {[%emt
00:00:05]} Kf6 {[%clk 00:06:40]} {[%emt 00:00:18]} 36. Rg1 {[%clk 00:57:08]}
{[%emt 00:00:34]} Be5 {[%clk 00:01:37]} {[%emt 00:05:40]} 37. h4 {[%clk
00:57:10]} {[%emt 00:00:27]} Nf3 {[%clk 00:01:20]} {[%emt 00:00:48]} 38. Rf1
{[%clk 00:56:56]} {[%emt 00:00:36]} Kf5 {[%clk 00:01:35]} {[%emt 00:00:23]} 39.
Rxf3+ {[%clk 00:57:13]} {[%emt 00:00:13]} Kg4 {[%clk 00:02:01]} {[%emt
00:00:04]} 40. Rf8 {[%clk 00:57:06]} {[%emt 00:00:28]} Kxh4 {[%clk 00:02:19]}
{[%emt 00:00:21]} 41. Ke4 {[%clk 00:57:06]} {[%emt 00:00:23]} Bd6 {[%clk
00:02:29]} {[%emt 00:00:27]} 42. Rh8 {[%clk 00:57:08]} {[%emt 00:00:18]} Kg3
{[%clk 00:02:51]} {[%emt 00:00:19]} 43. Bxe6 {[%clk 00:57:14]} {[%emt
00:00:23]} b5 {[%clk 00:03:13]} {[%emt 00:00:09]} 44. Rh3+ {[%clk 00:57:20]}
{[%emt 00:00:14]} Kf2 {[%clk 00:03:30]} {[%emt 00:00:21]} 45. Rf3+ {[%clk
00:57:29]} {[%emt 00:00:17]} Ke1 {[%clk 00:03:44]} {[%emt 00:00:21]} 46. Re3+
{[%clk 00:57:42]} {[%emt 00:00:14]} Kf2 {[%clk 00:03:55]} {[%emt 00:00:21]} 47.
Rf3+ {[%clk 00:57:50]} {[%emt 00:00:12]} Ke1 {[%clk 00:04:23]} {[%emt
00:00:14]} 48. Rd3 {[%clk 00:57:59]} {[%emt 00:00:18]} Bc7 {[%clk 00:04:36]}
{[%emt 00:00:19]} 49. Bb3 {[%clk 00:58:04]} {[%emt 00:00:25]} Kf2 {[%clk
00:04:13]} {[%emt 00:00:53]} 50. Rd2+ {[%clk 00:58:22]} {[%emt 00:00:12]} Kg3
{[%clk 00:03:57]} {[%emt 00:00:46]} 51. Rc2 {[%clk 00:58:15]} {[%emt 00:00:33]}
c4 {[%clk 00:04:11]} {[%emt 00:00:20]} 52. Bxc4 {[%clk 00:58:26]} {[%emt
00:00:18]} bxc4 {[%clk 00:04:31]} {[%emt 00:00:12]} 53. Rxc4 {[%clk 00:58:49]}
{[%emt 00:00:06]} Bd6 {[%clk 00:04:46]} {[%emt 00:00:15]} 54. Rd4 {[%clk
00:58:40]} {[%emt 00:00:32]} Be7 {[%clk 00:04:48]} {[%emt 00:00:35]} 55. Rd3+
{[%clk 00:58:58]} {[%emt 00:00:10]} Kg4 {[%clk 00:04:59]} 56. Rd7 {[%clk
00:59:15]} {[%emt 00:00:30]} Bxa3 {[%clk 00:05:01]} {[%emt 00:00:33]} 57. Rxa7
{[%clk 00:59:33]} {[%emt 00:00:11]} Bb2 {[%clk 00:05:12]} {[%emt 00:00:19]} 58.
Ra2 {[%clk 00:59:40]} {[%emt 00:00:20]} Bf6 {[%clk 00:05:17]} {[%emt 00:00:26]}
59. Rg2 {[%clk 00:59:56]} {[%emt 00:00:09]} Kh5 {[%clk 00:05:29]} {[%emt
00:00:24]} 60. Kf5 {[%clk 01:00:10]} {[%emt 00:00:08]} Bd8 {[%emt 00:00:52]}
61. Rg8 {[%clk 01:00:09]} {[%emt 00:00:01]} Kh4 {[%clk 00:05:37]} {[%emt
00:00:39]} 62. Rxd8 {[%clk 01:00:08]} {[%emt 00:00:31]} Kh3 {[%clk 00:06:02]}
{[%emt 00:00:04]} 63. Rg8 {[%clk 01:00:33]} {[%emt 00:00:05]} Kh2 {[%clk
00:06:23]} {[%emt 00:00:10]} 64. Kf4 {[%clk 01:00:57]} {[%emt 00:00:06]} Kh3
{[%clk 00:06:32]} {[%emt 00:00:21]} 65. Rg7 {[%clk 01:01:21]} {[%emt 00:00:07]}
Kh2 {[%clk 00:06:45]} {[%emt 00:00:16]} 66. Kf3 {[%clk 01:01:44]} {[%emt
00:00:08]} Kh1 {[%clk 00:07:05]} {[%emt 00:00:10]} 67. Kf2 {[%clk 01:02:08]}
{[%emt 00:00:04]} Kh2 {[%clk 00:07:32]} {[%emt 00:00:05]} 68. Rh7 {[%clk
01:02:27]} {[%emt 00:00:09]} 1-0